000 00861nam a22002417a 4500
999 _c33773
_d33773
001 3061
003 CO-MdFUSB
005 20180622073129.0
008 180427n[ ] uy ||||| |||| 00| 0 spa d
020 _a3-85810-060-9
040 _aCO-MdFUSB
_bspa
_cCO-MdFUSB
_dCO-MdFUSBC
_erda
041 0 _aspa
082 0 4 _aG 228.1 M248a
100 1 _aMalgo, Wim
_eautor
245 1 0 _aApocalipsis de Jesucristo
_b: Una exposición para nuestra época
_c / Wim Malgo
264 4 _aMontevideo, Uruguay :
_b Llamada de medianoche,
_c[fecha desconocida]
336 _2rdacontent
_atexto
_btxt
337 _2rdamedia
_asin mediación
_bn
338 _2rdacarrier
_avolumen
_bnc
505 0 0 _aTomo : I Cap. 1 al 15.120 Pag. Tomo II : Cap. 6-11. 101 Pag. Tomo III : Cap. 11-17. 130 Pag. Tomo IV : 18-22. 132 Pag
653 _aBiblia N.T. - Apocalipsis - Comentarios
942 _cBK